书目信息 |
| 题名: |
法律帮助一点通
|
|
| 作者: | 袁其国 总主编 ;刘劲夫 执行主编 | |
| 分册: | 合同争议与处理 | |
| 出版信息: | 北京 中国检察出版社 2009.01 |
|
| 页数: | 165页 | |
| 开本: | 21cm | |
| 丛书名: | ||
| 单 册: | ||
| 中图分类: | D920.4 | |
| 科图分类: | ||
| 主题词: | 合同法--he tong fa--基本知识--中国 , 法律--fa lu--基本知识--中国 | |
| 电子资源: | ||
| ISBN: | 978-7-80185-580-0 | |
| 000 | 01041nam0 2200289 450 | |
| 001 | 012010142299 | |
| 005 | 20100605091746.85 | |
| 010 | @a978-7-80185-580-0@dCNY15.00 | |
| 100 | @a20100604d2009 em y0chiy0120 ea | |
| 101 | 0 | @achi |
| 102 | @aCN@b110000 | |
| 105 | @ay z 000yy | |
| 106 | @ar | |
| 200 | 1 | @a法律帮助一点通@Afa lu bang zhu yi dian tong@i合同争议与处理@f袁其国总主编@Fyuan qi guo zong zhu bian@g刘劲夫执行主编@Gliu jin fu zhi xing zhu bian |
| 205 | @a第2版@b修订版 | |
| 210 | @a北京@c中国检察出版社@d2009.01 | |
| 215 | @a165页@d21cm | |
| 300 | @a“农村书屋”·“送书下乡工程”入选图书 | |
| 330 | @a本书内容包括合同的基本知识、违约责任、常见的合同争议、合同争议的处理办法四部分。 | |
| 517 | 1 | @a合同争议与处理@Ahe tong zheng yi yu chu li |
| 606 | 0 | @a合同法@Ahe tong fa@x基本知识@y中国 |
| 606 | 0 | @a法律@Afa lu@x基本知识@y中国 |
| 690 | @aD920.4@v4 | |
| 701 | 0 | @a袁其国@Ayuan qi guo@4总主编 |
| 702 | 0 | @a刘劲夫@Aliu jin fu@4执行主编 |
| 801 | 0 | @aCN@bRULIN@c20100605 |
| 905 | @b781363-65@dD920.4@eY901@f3 | |
| 法律帮助一点通.合同争议与处理/袁其国总主编/刘劲夫执行主编.-第2版,修订版.-北京:中国检察出版社,2009.01 |
| 165页;21cm |
| “农村书屋”·“送书下乡工程”入选图书 |
| ISBN 978-7-80185-580-0:CNY15.00 |
| 本书内容包括合同的基本知识、违约责任、常见的合同争议、合同争议的处理办法四部分。 |
| ● |
| 相关链接 |
|
|
|
正题名:法律帮助一点通
索取号:D920.4/Y901
 
预约/预借
| 序号 | 登录号 | 条形码 | 馆藏地/架位号 | 状态 | 备注 |
| 1 | 781363 | 207813632 | 社科库509/509社科库 83排7列3层/ [索取号:D920.4/Y901] | 在馆 | |
| 2 | 781364 | 207813641 | 社科库509/509社科库 83排7列4层/ [索取号:D920.4/Y901] | 在馆 | |
| 3 | 781365 | 207813650 | 社科库509/509社科库 83排7列4层/ [索取号:D920.4/Y901] | 在馆 |